000
00296nam a2200121Ia 4500
008
211105s9999 xx 000 0 und d
020
_a
VYASA14497
100
_a
Narayana G.
245
4
_a
The Responsible Leader
250
_a
4th
260
_b
Ahmedabad Management Association
_c
\N
300
_a
54p.
999
_c
11848
_d
11848